Blue Box - Personnages présents sur les covers - Statistiques

Statistiques générales
  • Ce quiz a été pris 78 fois
    30 depuis la dernière actualisation
  • Le résultat moyen est 13 sur 21
Statistiques - réponses
Indice Réponse % Correct
2 Chinatsu Kano & Hina Chono
100%
1 Chinatsu Kano & Taiki Inomata
100%
3 Chinatsu Kano, Hina Chono & Taiki Inomata
95%
4 Chinatsu Kano
62%
7 Taiki Inomata, Kyo Kasahara & Kengo Haryu
62%
19 Ayame Moriya & Hina Chono
57%
9 Chinatsu Kano
57%
17 Chinatsu Kano
57%
6 Chinatsu Kano & Hina Chono
57%
11 Chinatsu Kano & Yumeka Goto
57%
15 Chinatsu Kano, Ayame Moriya, Taiki Inomata, Kyo Kasahara & Hina Chono
57%
8 Chinatsu Kano, Taiki Inomata & Hina Chono
57%
5 Hina Chono
57%
13 Taiki Inomata
57%
12 Taiki Inomata & Chinatsu Kano
57%
14 Taiki Inomata & Chinatsu Kano
57%
16 Taiki Inomata, Kyo Kasahara, Kengo Haryu, Ryosuke Nishida & Haruto Yusa
57%
18 Taiki Inomata, Ryosuke Nishida, Kengo Haryu & Chinatsu Kano
57%
10 Taiki Inomata, Ryosuke Nishida, Kengo Haryu, Kyo Kasahara, Chinatsu Kano, Hina Chono, Nina Shimazaki, Karen Moriya, Ayame Moriya, Nagisa Funami, Yumeka Goto, Kazuma Matsuoka, Shuji Yusa & Sosuke
57%
21 Chinatsu Kano & Yumeka Goto
52%
20 Taiki Inomata & Chinatsu Kano
52%
Aucun quiz correspondant
Distribution des résultats
% des personnes avec chaque résultat
Percentile par nombre de réponses
Votre historique - résultats
Vous n’avez pas pris ce quiz depuis la dernière actualisation